| 000 | 01092nam0a22003011 4500 | ||
|---|---|---|---|
| 001 | rc\3406785 | ||
| 005 | 20130115140109.3 | ||
| 021 |
_aRU _b[71-56489] |
||
| 035 | _a(NLR Aleph) 007575992 | ||
| 090 |
_a5456604 _c5456604 |
||
| 100 | _a20130115d1971 |||y0rusy50 ca | ||
| 101 | 0 |
_aesk _arus |
|
| 102 | _aRU | ||
| 105 | _ay e ||||| | ||
| 200 | 1 |
_aЭскимосско-русский словарь _e19000 слов _fСост. Е.С. Рубцова _gПод ред. Г.А. Меновщикова _gЛенингр. отд-ние Ин-та языкознания АН СССР |
|
| 210 |
_aМосква _cСов. энциклопедия _d1971 |
||
| 215 |
_a644 с. _d21 |
||
| 300 | _aНа пер. сост. не указан | ||
| 608 |
_aЭскимосско-русские словари _2psbo |
||
| 700 | 1 |
_aРубцова _bЕ. С. _gЕкатерина Семеновна _4220 |
|
| 702 | 1 |
_aМеновщикова _bГ. А. _4340 |
|
| 801 | 0 |
_aRU _bNLR _gpsbo |
|
| 801 | 1 |
_aRU _bELAR _2rusmarc |
|
| 852 |
_aNLR _bОНЛ |
||
| 942 | _cBOOK | ||
| 980 | _aNB | ||
| 980 | _aSCAN_DONE | ||